Centroamérica 1994: III parte: Centroamérica: evolución económica durante 1994, evaluación preliminar de la CEPAL
Sparad:
| Materialtyp: | Bok |
|---|---|
| Språk: | Spanish |
| Taggar: |
Lägg till en tagg
Inga taggar, Lägg till första taggen!
|
MARC
| LEADER | 00000nam a22000007a 4500 | ||
|---|---|---|---|
| 003 | cru CIDCACS/IIS | ||
| 005 | 20191205111754.0 | ||
| 007 | ta | ||
| 008 | 191205s1995 gt |||p|r||||||0| | spa|| | ||
| 999 | |c 42715 |d 42715 | ||
| 040 | |c cru CIDCACS/IIS | ||
| 245 | 0 | |a Centroamérica 1994: |b III parte: Centroamérica: evolución económica durante 1994, evaluación preliminar de la CEPAL | |
| 300 | |a páginas 167-240: |b tablas, gráficos | ||
| 773 | 0 | |0 42330 |9 3220 |d Guatemala INCEP |o 08252 |t Panorama Centroamericano | |
| 942 | |2 ddc |c PP | ||
